Matemáticas : primer ciclo de educación primaria 2do grado
Gespeichert in:
| Weitere Verfasser: | |
|---|---|
| Format: | Buch |
| Sprache: | Spanisch |
| Erschienen: |
Barcelona :
1993
|
| Katalog: | BNM: Suchergebnis im Bibliothekskatalog |
| Schulbuchspezifische Eigenschaften: |
|
| Schriftenreihe: | Clase en la escuela
|
| Schlagworte: | |
| Tags: |
Tag hinzufügen
Keine Tags, Fügen Sie den ersten Tag hinzu!
|
| Hinzugefügt zu: | 06.12.1995 |
| Geändert in: | 09.03.2022 |
MARC
| LEADER | 00000cam a22000004a 4500 | ||
|---|---|---|---|
| 003 | AR-BaBNM | ||
| 005 | 20220309193018.0 | ||
| 007 | ta | ||
| 008 | 951207s1993 sp ||||b |||||||||||spa|d | ||
| 020 | |a 84-236-2489-7 | ||
| 035 | |a 000064041 | ||
| 040 | |a AR-BaBNM |b spa |e aacr | ||
| 080 | |a 51 | ||
| 245 | 0 | 0 | |a Matemáticas : |b primer ciclo de educación primaria 2do grado / |c M. Rúbies Garrofé ... [et al.]. |
| 260 | |a Barcelona : |b Edebé, |c 1993 | ||
| 300 | |a 159 p. : |b il. | ||
| 490 | 0 | |a Clase en la escuela | |
| 650 | 4 | |a Actividades de aprendizaje |9 6429 |a Fichas escolares. |a Educación primaria |9 7632 |a Enseñanza de la matemática |9 7755 | |
| 655 | 4 | |a Libros de texto | |
| 700 | 1 | |a Rúbies Garrofé, María |a Sanz Larrey, Carmen |a Cardet Carné, Nuria |a Mira Casterá, R. | |
| 942 | |2 udc |c LIBRO | ||
| 999 | |c 97075 |d 97075 | ||
| 999 | |c KOHA-OAI-TEST:97075 |d 97075 | ||